प्रेरणादायक बाल कथाएँ/ (Record no. 202676)

MARC details
000 -LEADER
fixed length control field 00853 a2200193 4500
005 - DATE AND TIME OF LATEST TRANSACTION
control field 20240802144415.0
010 ## - LCCN (DPL NO)
LC control number B-758947
020 ## - INTERNATIONAL STANDARD BOOK NUMBER
International Standard Book Number 9789395213097
Terms of availability 350.00
035 ## - SYSTEM CONTROL NUMBER
System control number B-758947
037 ## - SOURCE OF ACQUISITION
Source of stock number/acquisition उपहार
082 ## - DEWEY DECIMAL CLASSIFICATION NUMBER
Classification number
100 ## - MAIN ENTRY--PERSONAL NAME
Personal name भोला, रचना
245 ## - TITLE STATEMENT
Title प्रेरणादायक बाल कथाएँ/
Statement of responsibility, etc रचना भोला
260 ## - PUBLICATION, DISTRIBUTION, ETC. (IMPRINT)
Place of publication, distribution, etc फरीदाबाद
Name of publisher, distributor, etc उत्कृष्ट साहित्य सदन
Date of publication, distribution, etc 2022
270 ## - ADDRESS
Address 750 IST फ्लोर कविता नुर्सिंग होम के पास सेक्टर-29
City फरीदाबाद
Postal code 121008
300 ## - PHYSICAL DESCRIPTION
Extent 72 पृष्ठ.;
Dimensions 25cm. (आजिल्द)
942 ## - ADDED ENTRY ELEMENTS (KOHA)
Institution code [OBSOLETE] dpl
Item type Children Books
Source of classification or shelving scheme Dewey Decimal Classification
Classification part
Call number suffix भोलार
Holdings
Withdrawn status Lost status Not for loan Collection code Home library Current library Date acquired Source of acquisition Cost, normal purchase price Full call number Barcode Cost, replacement price Koha item type Public note
      Fiction Central Library Central Library 06/05/2024 उपहार /29.4.24 350.00 क भोलार B-758947 350.00 Children Books उपहार

© Delhi Public Library
Hit Counter
free hit counter